000 00448nam a2200193Ia 4500
005 20240823061509.0
008 240823s9999||||xx |||||||||||||| ||und||
041 _aENGLISH
082 _A425 Q1
100 _aElaine Kirn
245 0 _aInteractions 1 : Grammar
250 _a1st
260 _c2011
_bTata Mcgraw Hill Education Pvt
500 _aYES
650 _aGrammar
_bEnglish
700 _a Darcy Jack
942 _cBK
999 _c233672
_d233672